Európske právo na Slovensku právny rozmer členstva Slovenskej republiky v Európskej únii
Salvato in:
| Altri autori: | |
|---|---|
| Natura: | Libro |
| Lingua: | slovacco inglese |
| Pubblicazione: |
Bratislava
Nadácia Kalligram
2003
|
| Edizione: | 2. vyd. |
| Soggetti: | |
| Tags: |
Nessun Tag, puoi essere il primo ad aggiungerne!!
|
MARC
| LEADER | 00000nam a2200000 4500 | ||
|---|---|---|---|
| 001 | c144025 | ||
| 005 | 20221108125158.6 | ||
| 020 | |a 80-968886-1-7 | ||
| 041 | 0 | |a slo | |
| 041 | 0 | |a eng | |
| 044 | |a SK | ||
| 245 | 1 | 0 | |a Európske právo na Slovensku |b právny rozmer členstva Slovenskej republiky v Európskej únii |c [Juraj Čorba (editor)] |
| 250 | |a 2. vyd. | ||
| 264 | 1 | |a Bratislava |b Nadácia Kalligram |c 2003 | |
| 300 | |a 566 s. | ||
| 610 | 2 | 0 | |a právo medzinárodné |
| 610 | 2 | 0 | |a právo európske |
| 610 | 2 | 0 | |a trh spoločný |
| 610 | 2 | 0 | |a trh vnútorný |
| 610 | 2 | 0 | |a únie menové |
| 610 | 2 | 0 | |a právo súkromné medzinárodné |
| 610 | 2 | 0 | |a politika zahraničná |
| 610 | 2 | 0 | |a politika bezpečnostná |
| 610 | 2 | 0 | |a Slovensko |
| 610 | 2 | 0 | |a Európska únia |
| 610 | 2 | 0 | |a Európa |
| 700 | 1 | |a Čorba, Juraj | |